000
00399nam a2200145Ia 4500
008
090124s9999 xx 000 0 und d
082
_b
202228
245
_a
पीक-संरक्षण
250
_a
1
260
_b
उद्यम प्रकाशन
_c
1967
300
_a
208
630
_a
पीक-संरक्षण
730
_a
पीक-संरक्षण
942
_c
BOOK
999
_c
183809
_d
183809